| 000 | 00540cam a22002171 4500 | ||
|---|---|---|---|
| 001 | sa 68005748 | ||
| 003 | DLC | ||
| 005 | 20260227112511.0 | ||
| 008 | 890620s1966 ii 000 0 urd | ||
| 010 | _asa 68005748 | ||
| 035 | _a(OCoLC)19902471 | ||
| 040 |
_aDLC _cWaU _dDLC |
||
| 042 | _apremarc | ||
| 050 | 0 | 0 |
_aPK2199.B33 _bK5 1966 |
| 100 | 0 |
_aBāqir ʻAlī, _d1850-1928. |
|
| 245 | 1 | 0 | _aK̲h̲alīl K̲h̲ān̲ Fāk̲h̲tah. |
| 260 | _c[1966] | ||
| 300 |
_a80 p. _c19 cm. |
||
| 500 | _aIn Urdu. | ||
| 700 | 0 |
_aZamir Hasan, _d1940- |
|
| 999 |
_c80930 _d80930 |
||